Lời răn người (Xự son côn) của người Thái vùng Mộc Châu, Phù Yên, Bắc Yên, tỉnh Sơn La

Nội dung: Người Thái vùng Mộc Châu - Phù Yên, Bắc Yên, tỉnh Sơn La với lời răn người; Xự sọn côn; Lời răn người...

Gorde:
Xehetasun bibliografikoak
Egile nagusia: Lò, Vũ Vân
Formatua: Liburua
Hizkuntza:Undetermined
Argitaratua: Hà Nội Văn hóa Thông tin 2013
Gaiak:
Etiketak: Etiketa erantsi
Etiketarik gabe, Izan zaitez lehena erregistro honi etiketa jartzen!
Thư viện lưu trữ: Trung tâm Học liệu Trường Đại học Cần Thơ
LEADER 00812nam a2200193Ia 4500
001 CTU_189187
008 210402s9999 xx 000 0 und d
082 |a 398.909597 
082 |b V121 
100 |a Lò, Vũ Vân 
245 0 |a Lời răn người (Xự son côn) của người Thái vùng Mộc Châu, Phù Yên, Bắc Yên, tỉnh Sơn La 
245 0 |c Lò Vũ Vân 
260 |a Hà Nội 
260 |b Văn hóa Thông tin 
260 |c 2013 
520 |a Nội dung: Người Thái vùng Mộc Châu - Phù Yên, Bắc Yên, tỉnh Sơn La với lời răn người; Xự sọn côn; Lời răn người... 
650 |a Folklore,Văn học dân gian 
904 |i Giang 
980 |a Trung tâm Học liệu Trường Đại học Cần Thơ